[Event "Barra de Sao Miguel op"]
[Site "Barra de Sao Miguel"]
[Date "2019.10.11"]
[Round "3"]
[White "De Menezes, Rodrigo Gomes Leal"]
[Black "Nascimento, Daniel Francisco Si"]
[Result "0-1"]
[WhiteElo "1800"]
[BlackElo "1741"]
[PlyCount "53"]
[EventDate "2019.10.10"]
[EventType "swiss"]
[EventRounds "7"]
[EventCountry "BRA"]
[SourceTitle "CBM 192 Extra"]
[Source "Chessbase"]
[SourceDate "2019.11.06"]
[SourceVersion "1"]
[SourceVersionDate "2019.11.06"]
[SourceQuality "1"]

1. d4 d5 2. Nc3 Bf5 3. Nf3 Nf6 4. e3 Nbd7 5. Bd3 Bxd3 6. Qxd3 e6 7. 0-0 Be7 8. Re1 0-0 9. b3 a6 10. Bb2 c5 11. a4 cxd4 12. exd4 Bb4 13. Ba3 Bxc3 14. Qxc3 Re8 15. Nd2 Rc8 16. Qd3 Qc7 17. Rac1 h6 18. c4 Qb8 19. cxd5 Nxd5 20. Rxc8 Rxc8 21. Nc4 N7b6 22. Nd6 Rc3 23. Qb1 Rc6 24. Ne4 Nc3 25. Nxc3 Rxc3 26. Re3 Qc8 27. Bb4 0-1

[Event "Barra de Sao Miguel op"]
[Site "Barra de Sao Miguel"]
[Date "2019.10.10"]
[Round "1"]
[White "Lima, Rikelme Amorim Dos"]
[Black "Nascimento, Daniel Francisco Si"]
[Result "1/2-1/2"]
[WhiteElo "1333"]
[BlackElo "1741"]
[PlyCount "23"]
[EventDate "2019.10.10"]
[EventType "swiss"]
[EventRounds "7"]
[EventCountry "BRA"]
[SourceTitle "CBM 192 Extra"]
[Source "Chessbase"]
[SourceDate "2019.11.06"]
[SourceVersion "1"]
[SourceVersionDate "2019.11.06"]
[SourceQuality "1"]

1. e4 e5 2. Nf3 d6 3. d4 exd4 4. Nxd4 Nf6 5. Nc3 a6 6. h3 c6 7. Bg5 h6 8. Bh4 Be7 9. Bd3 0-0 10. 0-0 b5 11. a3 Bb7 12. f4 1/2-1/2